| 000 | 00586cam a2200205 a 4500 | ||
|---|---|---|---|
| 001 | 000007774 | ||
| 005 | 20200929154309.0 | ||
| 008 | 760213s1976 sp 000 0 spa | ||
| 020 | _a8432053422 | ||
| 040 |
_aDO-SdBNP _bspa _dBNPHU |
||
| 082 |
_a863.44 _bS166g, 1976 |
||
| 100 | 1 |
_aSalisachs, Mercedes. _921473 |
|
| 245 | 1 | 3 |
_aLa gangrena : _bnovela / _cMercedes Salisachs. |
| 250 | _a12a ed. | ||
| 260 |
_aBarcelona : _bPlaneta, _c1976. |
||
| 300 |
_a535 p. ; _c19 cm. |
||
| 586 | _aPremio Editorial Planeta | ||
| 650 | 4 |
_aNovela espaƱola _91123 |
|
| 650 | 4 |
_aLiteratura espaƱola _9632 |
|
| 999 |
_c7552 _d7552 |
||